| 000 | 00988nam0a22002651 4500 | ||
|---|---|---|---|
| 001 | rc\2776240 | ||
| 005 | 20250806204819.0 | ||
| 035 | _a(NLR Aleph) 006902528 | ||
| 090 |
_a31382 _c31382 |
||
| 100 | _a20110915d1941 u y0rusy50 ca | ||
| 101 | 0 | _arus | |
| 102 | _aRU | ||
| 105 | _aa z ||||| | ||
| 200 | 1 |
_aНаставление по стрелковому делу (НСД-38) _eРевольвер обр. 1895 г. и пистолет обр. 1930 г. _fНар. ком. обороны Союза ССР |
|
| 210 |
_a[Воронеж] _cВоронежское обл. кн-во _d1941 |
||
| 215 |
_a102, [2] с. _cил. _d18 см. |
||
| 740 | 1 |
_aСССР _tВоенные уставы и наставления _3RU\NLR\AUTH\8810020873 |
|
| 801 | 0 |
_aRU _bNLR _gpsbo |
|
| 801 | 1 |
_aRU _bELAR _2rusmarc |
|
| 852 |
_aNLR _jВ60 Г-3/156 |
||
| 852 |
_aNLR _jВ60 Г-1/42 |
||
| 942 | _cBOOK | ||
| 945 | _aРоссийская национальная библиотека | ||
| 980 | _aNB | ||
| 980 | _aBV | ||